[Event "Le Kram BICA Rapid op 1st"]
[Site "Le Kram"]
[Date "2022.11.27"]
[Round "8"]
[White "Bouzidi, Ahmed"]
[Black "Abdallah, Mohamed Khalil"]
[Result "1-0"]
[WhiteElo "2116"]
[BlackElo "1489"]
[PlyCount "59"]
[EventDate "2022.11.27"]
[EventType "swiss (rapid)"]
[EventRounds "9"]
[EventCountry "TUN"]
[SourceTitle "CBM 211 Extra"]
[Source "ChessBase"]
[SourceDate "2023.01.31"]
[SourceVersion "1"]
[SourceVersionDate "2023.01.31"]
[SourceQuality "1"]

1. e4 e5 2. Nf3 Nc6 3. Bb5 a6 4. Bxc6 dxc6 5. 0-0 Bg4 6. h3 h5 7. d3 Qf6 8. Be3 Bxf3 9. Qxf3 Qxf3 10. gxf3 Bd6 11. Nd2 c5 12. a4 Ne7 13. Rfd1 Nc6 14. c3 Ke7 15. Kf1 f6 16. Ke2 Rag8 17. a5 Ke6 18. Nb3 Ne7 19. Nxc5+ Bxc5 20. Bxc5 g5 21. Bxe7 Kxe7 22. d4 Rd8 23. Ke3 Rhg8 24. Rg1 Ke6 25. h4 c6 26. dxe5 Kxe5 27. hxg5 fxg5 28. Rxg5+ Rxg5 29. f4+ Kf6 30. fxg5+ 1-0

[Event "Le Kram BICA Rapid op 1st"]
[Site "Le Kram"]
[Date "2022.11.27"]
[Round "2"]
[White "Bouzidi, Ahmed"]
[Black "Boukhriss, Mohamed Mehdi"]
[Result "1-0"]
[WhiteElo "2116"]
[BlackElo "1412"]
[PlyCount "29"]
[EventDate "2022.11.27"]
[EventType "swiss (rapid)"]
[EventRounds "9"]
[EventCountry "TUN"]
[SourceTitle "CBM 211 Extra"]
[Source "ChessBase"]
[SourceDate "2023.01.31"]
[SourceVersion "1"]
[SourceVersionDate "2023.01.31"]
[SourceQuality "1"]

1. e4 e5 2. Nf3 Nc6 3. Bb5 a6 4. Bxc6 dxc6 5. 0-0 Bg4 6. h3 Bxf3 7. Qxf3 Qf6 8. Qxf6 Nxf6 9. d3 0-0-0 10. Bg5 Be7 11. Nd2 h6 12. Be3 g5 13. a4 Nh5 14. Nc4 f6 15. g3 1-0

[Event "Le Kram BICA Rapid op 1st"]
[Site "Le Kram"]
[Date "2022.11.27"]
[Round "7"]
[White "Rekik, Ismail"]
[Black "Bouzidi, Ahmed"]
[Result "1-0"]
[WhiteElo "1894"]
[BlackElo "2116"]
[PlyCount "97"]
[EventDate "2022.11.27"]
[EventType "swiss (rapid)"]
[EventRounds "9"]
[EventCountry "TUN"]
[SourceTitle "CBM 211 Extra"]
[Source "ChessBase"]
[SourceDate "2023.01.31"]
[SourceVersion "1"]
[SourceVersionDate "2023.01.31"]
[SourceQuality "1"]

1. c4 c5 2. Nc3 Nc6 3. g3 g6 4. Bg2 Bg7 5. Nf3 e5 6. 0-0 Nge7 7. d3 0-0 8. Rb1 d6 9. a3 h6 10. Bd2 Be6 11. b4 Rb8 12. Qc1 Kh7 13. bxc5 dxc5 14. Ne4 b6 15. Re1 Nd4 16. Nxd4 exd4 17. Bf4 Rc8 18. Nd6 Rc7 19. Nb5 Rd7 20. a4 g5 21. Bd2 f5 22. a5 Ng6 23. axb6 axb6 24. Ra1 f4 25. Ra8 Qf6 26. Rxf8 Bxf8 27. Be4 Bf5 28. gxf4 gxf4 29. Bf3 Rg7 30. Kh1 Nh4 31. Bd5 f3 32. exf3 Bxd3 33. Re6 Qxe6 34. Bxe6 Nxf3 35. Bd5 Be2 36. Bxh6 Rg1+ 37. Qxg1 Nxg1 38. Bxf8 Nh3 39. Bd6 d3 40. Kg2 d2 41. Nc3 Ng5 42. Bf4 d1Q 43. Nxd1 Bxd1 44. Bxg5 Bb3 45. Bd8 b5 46. Be4+ Kg7 47. cxb5 c4 48. b6 c3 49. b7 1-0

[Event "Olympiad-44"]
[Site "Chennai"]
[Date "2022.08.08"]
[Round "10.4"]
[White "Kwong, Wing Ki"]
[Black "Bouzidi, Ahmed"]
[Result "0-1"]
[WhiteElo "1824"]
[BlackElo "2148"]
[PlyCount "90"]
[EventDate "2022.07.29"]
[EventType "team-swiss"]
[EventRounds "11"]
[EventCountry "IND"]
[SourceTitle "CBM 210"]
[Source "ChessBase"]
[SourceDate "2022.10.31"]
[SourceVersion "1"]
[SourceVersionDate "2022.10.31"]
[SourceQuality "1"]
[WhiteTeam "Hong Kong"]
[BlackTeam "Tunisia"]
[WhiteTeamCountry "HKG"]
[BlackTeamCountry "TUN"]

1. d4 Nf6 2. c4 e6 3. Nf3 b6 4. g3 Bb7 5. Bg2 g6 6. 0-0 Bg7 7. Nc3 Ne4 8. Qc2 Nxc3 9. bxc3 d6 10. e4 Nd7 11. Bg5 Qc8 12. Rfe1 h6 13. Bf4 0-0 14. Rad1 a5 15. a4 g5 16. Bc1 e5 17. Ba3 Qe8 18. Re3 Qe6 19. Bf1 Rae8 20. d5 Qg6 21. Bd3 Bc8 22. Ne1 Nf6 23. f3 h5 24. Ng2 Bh6 25. Ree1 Bh3 26. Bc1 Kh8 27. Kh1 Nd7 28. Ne3 g4 29. f4 Bg7 30. Nf5 Bf6 31. Qf2 Qh7 32. Bc2 exf4 33. gxf4 h4 34. e5 dxe5 35. Nd6 Qh5 36. Nxe8 Rxe8 37. Qe2 Re7 38. f5 e4 39. Bxe4 Nc5 40. Qc2 Nxe4 41. Rxe4 g3 42. Rf4 Re2 43. Qd3 Bg2+ 44. Kg1 gxh2+ 45. Kxh2 Be4+ 0-1

[Event "Olympiad-44"]
[Site "Chennai"]
[Date "2022.08.01"]
[Round "4.4"]
[White "Lopez Silva, Hugo Andres"]
[Black "Bouzidi, Ahmed"]
[Result "1-0"]
[WhiteElo "2403"]
[BlackElo "2148"]
[PlyCount "102"]
[EventDate "2022.07.29"]
[EventType "team-swiss"]
[EventRounds "11"]
[EventCountry "IND"]
[SourceTitle "CBM 210"]
[Source "ChessBase"]
[SourceDate "2022.10.31"]
[SourceVersion "1"]
[SourceVersionDate "2022.10.31"]
[SourceQuality "1"]
[WhiteTeam "Chile"]
[BlackTeam "Tunisia"]
[WhiteTeamCountry "CHI"]
[BlackTeamCountry "TUN"]

1. e4 e5 2. Nf3 Nc6 3. Bc4 Bc5 4. c3 Nf6 5. d3 h6 6. Nbd2 d6 7. Nf1 0-0 8. Ng3 Be6 9. Bb3 Bb6 10. 0-0 d5 11. Qe2 dxe4 12. dxe4 Bxb3 13. axb3 Qd7 14. b4 a6 15. Rd1 Qg4 16. Kf1 Rad8 17. Bd2 Rd7 18. Qc4 Re8 19. h3 Qe6 20. b3 Qe7 21. Nf5 Qe6 22. Ng3 Qe7 23. Be1 Red8 24. Nf5 Qe8 25. Rd2 Rxd2 26. Nxd2 Ne7 27. Nxe7+ Qxe7 28. Qe2 Qe6 29. Qc4 Qd7 30. Nf3 Qe8 31. Ra2 Rd6 32. Rd2 Rc6 33. Qd3 Rd6 34. Qc4 Rc6 35. Qd3 Rd6 36. Qe2 Rxd2 37. Nxd2 Qc6 38. Qd3 Qb5 39. Nc4 a5 40. bxa5 Bxa5 41. b4 Bb6 42. Ke2 Ba7 43. Na5 Qb6 44. c4 Nh5 45. g3 Qe6 46. Qd8+ Kh7 47. Qd5 Qxh3 48. Qxe5 Bb6 49. Nxb7 g6 50. c5 Qc8 51. cxb6 Qxb7 1-0

[Event "Olympiad-44"]
[Site "Chennai"]
[Date "2022.07.31"]
[Round "3.3"]
[White "Bouzidi, Ahmed"]
[Black "Belzo, Krzysztof"]
[Result "1/2-1/2"]
[WhiteElo "2148"]
[BlackElo "2080"]
[PlyCount "114"]
[EventDate "2022.07.29"]
[EventType "team-swiss"]
[EventRounds "11"]
[EventCountry "IND"]
[SourceTitle "CBM 210"]
[Source "ChessBase"]
[SourceDate "2022.10.31"]
[SourceVersion "1"]
[SourceVersionDate "2022.10.31"]
[SourceQuality "1"]
[WhiteTeam "Tunisia"]
[BlackTeam "Jersey"]
[WhiteTeamCountry "TUN"]
[BlackTeamCountry "GCI"]

1. e4 c5 2. c3 g6 3. d4 cxd4 4. cxd4 d5 5. e5 Nc6 6. h3 Bg7 7. Nc3 Nh6 8. Bb5 0-0 9. Nf3 Nf5 10. Bf4 e6 11. Qd2 f6 12. Bxc6 bxc6 13. 0-0 Qa5 14. exf6 Bxf6 15. Ne4 Qxd2 16. Nxf6+ Rxf6 17. Bxd2 Ba6 18. Rfe1 Re8 19. Rac1 Bb7 20. Bb4 h6 21. Bc5 a6 22. Rc3 g5 23. Rb3 Rf7 24. Ne5 Rg7 25. Ng4 Rf7 26. Rxb7 Rxb7 27. Nf6+ Kf7 28. Nxe8 Kxe8 29. Rxe6+ Kf7 30. Rxc6 Rxb2 31. Rxa6 Rb1+ 32. Kh2 Rb2 33. Kg1 Rb1+ 34. Kh2 Rb2 35. Ra7+ Kg6 36. g4 Ne3 37. Kg3 Nf1+ 38. Kf3 Nd2+ 39. Ke3 Nc4+ 40. Kf3 Nd2+ 41. Kg3 Ne4+ 42. Kg2 Rxf2+ 43. Kg1 Rc2 44. Bb6 Nd2 45. a4 Nf3+ 46. Kf1 Rd2 47. Bc7 Nxd4 48. Be5 h5 49. Ra6+ Kh7 50. gxh5 Nf3 51. Bg3 Nh2+ 52. Kg1 Nf3+ 53. Kh1 Ra2 54. a5 d4 55. Rd6 Rxa5 56. Kg2 Ra3 57. Bf2 Nh4+ 1/2-1/2

[Event "Francophonie-chT Rapid"]
[Site "Tornelo INT"]
[Date "2022.06.05"]
[Round "10.5"]
[White "Bouzidi, Ahmed"]
[Black "Amega Dzaka, Komi Nukunu"]
[Result "1-0"]
[WhiteElo "2148"]
[BlackElo "1639"]
[PlyCount "51"]
[EventDate "2022.06.04"]
[EventType "team-swiss (rapid)"]
[EventRounds "11"]
[EventCountry "FRA"]
[SourceTitle "CBM 208 Extra"]
[Source "ChessBase"]
[SourceDate "2022.07.31"]
[SourceVersion "1"]
[SourceVersionDate "2022.07.31"]
[SourceQuality "1"]
[WhiteTeam "Tunisia"]
[BlackTeam "Togo"]
[WhiteTeamCountry "TUN"]
[BlackTeamCountry "TOG"]

1. e4 c6 2. d4 d5 3. Nc3 dxe4 4. Nxe4 Bf5 5. Ng3 Bg6 6. h4 h6 7. Nh3 Nf6 8. Nf4 Bh7 9. Bc4 e6 10. 0-0 Bd6 11. Re1 0-0 12. Ngh5 Nbd7 13. Nxe6 fxe6 14. Rxe6 Bh2+ 15. Kxh2 Kh8 16. Kg1 Bg8 17. Bxh6 gxh6 18. Qd2 Nxh5 19. Rxh6+ Bh7 20. Rxh5 Nf6 21. Rh6 b5 22. Be6 Qe7 23. Bf5 Rae8 24. Qg5 Rg8 25. Qxf6+ Qxf6 26. Rxh7# 1-0

[Event "Francophonie-chT Rapid"]
[Site "Tornelo INT"]
[Date "2022.06.04"]
[Round "6.2"]
[White "Hesham, Abdelrahman"]
[Black "Bouzidi, Ahmed"]
[Result "0-1"]
[WhiteElo "2385"]
[BlackElo "2148"]
[PlyCount "64"]
[EventDate "2022.06.04"]
[EventType "team-swiss (rapid)"]
[EventRounds "11"]
[EventCountry "FRA"]
[SourceTitle "CBM 208 Extra"]
[Source "ChessBase"]
[SourceDate "2022.07.31"]
[SourceVersion "1"]
[SourceVersionDate "2022.07.31"]
[SourceQuality "1"]
[WhiteTeam "Egypt"]
[BlackTeam "Tunisia"]
[WhiteTeamCountry "EGY"]
[BlackTeamCountry "TUN"]

1. e4 e5 2. Nf3 Nc6 3. Bc4 Bc5 4. c3 Nf6 5. d4 exd4 6. e5 d5 7. Bb5 Ne4 8. cxd4 Bb6 9. Nc3 0-0 10. Be3 Bg4 11. h3 Bh5 12. Rc1 Ne7 13. Bd3 Nf5 14. Nxe4 dxe4 15. Bxe4 Nxd4 16. Bxb7 Rb8 17. g4 Rxb7 18. Bxd4 c5 19. Bc3 Rd7 20. Qe2 Bg6 21. Rd1 Bd3 22. Qe3 c4 23. Qg5 f6 24. exf6 Re8+ 25. Ne5 Qxf6 26. Qxf6 gxf6 27. f4 fxe5 28. Bxe5 Rd4 29. Kd2 Re4 30. Kc3 Re2 31. Rd2 Ba5+ 32. b4 Bxb4+ 0-1

[Event "TUN-ch"]
[Site "Hammamet"]
[Date "2022.05.10"]
[Round "4"]
[White "Boudriga, Mohamed Ali"]
[Black "Bouzidi, Ahmed"]
[Result "0-1"]
[WhiteElo "2308"]
[BlackElo "2144"]
[PlyCount "71"]
[EventDate "2022.05.07"]
[EventType "tourn"]
[EventRounds "11"]
[EventCountry "TUN"]
[SourceTitle "CBM 208 Extra"]
[Source "ChessBase"]
[SourceDate "2022.07.31"]
[SourceVersion "1"]
[SourceVersionDate "2022.07.31"]
[SourceQuality "1"]

1. g3 g6 2. Bg2 Bg7 3. Nf3 c5 4. 0-0 Nc6 5. d3 e5 6. e4 Nge7 7. Nbd2 0-0 8. c3 d6 9. Re1 h6 10. h4 Be6 11. h5 g5 12. Nh2 f5 13. exf5 Bxf5 14. Ne4 Qd7 15. Be3 Rf7 16. Bf3 b6 17. c4 Raf8 18. Bg4 d5 19. cxd5 Qxd5 20. Bf3 Qd7 21. a3 Rd8 22. Re2 Be6 23. Rd2 Nf5 24. Bg4 Nfd4 25. Bxe6 Qxe6 26. Rb1 Nb3 27. Rc2 Rfd7 28. Rc3 c4 29. Qg4 Qxg4 30. Nxg4 Rxd3 31. Rxc4 Rc8 32. Kf1 Rdd8 33. Rc3 Nca5 34. Rxc8 Rxc8 35. Nd6 Rf8 36. Rd1 0-1

[Event "TUN-ch"]
[Site "Hammamet"]
[Date "2022.05.08"]
[Round "2"]
[White "Meddeb, Anis"]
[Black "Bouzidi, Ahmed"]
[Result "0-1"]
[WhiteElo "2093"]
[BlackElo "2144"]
[PlyCount "106"]
[EventDate "2022.05.07"]
[EventType "tourn"]
[EventRounds "11"]
[EventCountry "TUN"]
[SourceTitle "CBM 208 Extra"]
[Source "ChessBase"]
[SourceDate "2022.07.31"]
[SourceVersion "1"]
[SourceVersionDate "2022.07.31"]
[SourceQuality "1"]

1. e4 c6 2. d4 d5 3. e5 Bf5 4. g4 Bd7 5. Be3 e6 6. c3 c5 7. Nf3 Qb6 8. Qb3 Nc6 9. Nbd2 f6 10. exf6 gxf6 11. Qxb6 axb6 12. Be2 Bd6 13. Nh4 Nge7 14. Nb3 c4 15. Nd2 b5 16. g5 f5 17. Bh5+ Kd8 18. Ng2 b4 19. h4 bxc3 20. bxc3 Ra3 21. Nb1 Ra6 22. Bd1 b5 23. h5 b4 24. cxb4 Nxb4 25. Nc3 f4 26. Bd2 Nd3+ 27. Kf1 e5 28. dxe5 Bxe5 29. Be2 Bf5 30. Nh4 d4 31. Nd1 Be4 32. f3 Nf5 33. Rh2 Ng3+ 34. Kg1 Bd5 35. Bxd3 cxd3 36. Nb2 Rg8 37. Nxd3 Rxg5 38. Kf2 Nxh5 39. Ng2 Ra3 40. Nxe5 Rxe5 41. Rh3 Ng3 42. Bxf4 Rxf3+ 43. Kg1 Ne2+ 44. Kh2 Rxh3+ 45. Kxh3 Bxg2+ 46. Kxg2 Nxf4+ 47. Kf3 Ne6 48. a4 Ra5 49. Ke4 Nc5+ 50. Kf4 d3 51. Ke3 d2 52. Rb1 Nb3 53. Ke2 Re5+ 0-1

[Event "Sousse BICA op 1st"]
[Site "Sousse"]
[Date "2021.12.30"]
[Round "9"]
[White "Bouzidi, Ahmed"]
[Black "Koelle, Tobias"]
[Result "1/2-1/2"]
[WhiteElo "2105"]
[BlackElo "2380"]
[PlyCount "88"]
[EventDate "2021.12.24"]
[EventType "swiss"]
[EventRounds "9"]
[EventCountry "TUN"]
[SourceTitle "CBM 205 Extra"]
[Source "ChessBase"]
[SourceDate "2022.01.31"]
[SourceVersion "1"]
[SourceVersionDate "2022.01.31"]
[SourceQuality "1"]

1. e4 c5 2. c3 d5 3. exd5 Qxd5 4. d4 g6 5. Na3 cxd4 6. Nb5 Na6 7. Be3 Bg7 8. Nf3 Nf6 9. Bxd4 b6 10. c4 Qb7 11. Be2 0-0 12. Ne5 Bf5 13. Bf3 Be4 14. 0-0 Nc5 15. Qe2 Rfd8 16. Rad1 Rac8 17. b3 Ne6 18. Bxe4 Nxe4 19. Ba1 a6 20. Nc3 Nxc3 21. Bxc3 Nf4 22. Qg4 Qe4 23. Rde1 Qf5 24. Qf3 Ne6 25. Re3 Qxf3 26. Nxf3 Bh6 27. Re4 Rc7 28. Rfe1 Bg7 29. Bxg7 Kxg7 30. g3 Rd6 31. h4 Rc5 32. b4 Rf5 33. Kg2 h5 34. R1e3 Rd1 35. a3 Rc1 36. Rd3 a5 37. Nd4 Nxd4 38. Rdxd4 Rc2 39. Rf4 e5 40. Rxf5 exd4 41. Rb5 Rxc4 42. Rxb6 axb4 43. Rxb4 Rc3 44. Rxd4 Rxa3 1/2-1/2

[Event "Sousse BICA op 1st"]
[Site "Sousse"]
[Date "2021.12.29"]
[Round "8"]
[White "Nigmatov, Ortik"]
[Black "Bouzidi, Ahmed"]
[Result "1-0"]
[WhiteElo "2442"]
[BlackElo "2105"]
[PlyCount "81"]
[EventDate "2021.12.24"]
[EventType "swiss"]
[EventRounds "9"]
[EventCountry "TUN"]
[SourceTitle "CBM 205 Extra"]
[Source "ChessBase"]
[SourceDate "2022.01.31"]
[SourceVersion "1"]
[SourceVersionDate "2022.01.31"]
[SourceQuality "1"]

1. e4 e5 2. Nf3 Nf6 3. Nxe5 d6 4. Nf3 Nxe4 5. c4 Nc6 6. d4 d5 7. Nc3 Bb4 8. Qc2 Qe7 9. Be3 Bf5 10. Qc1 Ng5 11. Nxg5 Nxd4 12. Be2 Nc2+ 13. Kf1 d4 14. Nd5 Nxe3+ 15. fxe3 Qxg5 16. Nxb4 dxe3 17. Nd5 Be4 18. Bf3 Bxf3 19. gxf3 0-0-0 20. h4 Qe5 21. Qc3 Qd6 22. Qxe3 c6 23. Nc3 Rhe8 24. Qf2 Qf4 25. Rh2 Rd3 26. Ne2 Qxc4 27. Rc1 Qa6 28. Rc2 Rde3 29. Rd2 Qxa2 30. Ng3 Qb1+ 31. Kg2 Qg6 32. Rh1 f5 33. Kh2 Qf6 34. Kg2 Qg6 35. h5 Qg5 36. f4 Qg4 37. Rc1 R8e4 38. Rc3 Rxc3 39. bxc3 Rxf4 40. Qe3 Ra4 41. Qe8+ 1-0

[Event "Online Olym Div3 D"]
[Site "Chess.com INT"]
[Date "2020.08.09"]
[Round "7.1"]
[White "Ynojosa Aponte, Felix Jose"]
[Black "Bouzidi, Ahmed"]
[Result "1/2-1/2"]
[WhiteElo "2393"]
[BlackElo "2150"]
[PlyCount "119"]
[EventDate "2020.08.07"]
[EventType "team-tourn (rapid)"]
[EventRounds "9"]
[EventCountry "USA"]
[SourceTitle "CBM 198"]
[Source "ChessBase"]
[SourceDate "2020.10.31"]
[SourceVersion "1"]
[SourceVersionDate "2020.10.31"]
[SourceQuality "1"]
[WhiteTeam "Venezuela"]
[BlackTeam "Tunisia"]
[WhiteTeamCountry "VEN"]
[BlackTeamCountry "TUN"]

1. c4 c5 2. Nf3 Nc6 3. d4 cxd4 4. Nxd4 g6 5. e4 Bg7 6. Be3 Nf6 7. Nc3 0-0 8. Be2 b6 9. 0-0 Bb7 10. Qd2 Rc8 11. f3 Qc7 12. Rac1 Qb8 13. Rfd1 Rfd8 14. Qe1 Nh5 15. Nd5 Re8 16. g4 Nxd4 17. Bxd4 Bxd5 18. gxh5 Bxd4+ 19. Rxd4 Be6 20. Qg3 Rc5 21. f4 b5 22. b4 Rc6 23. c5 d6 24. f5 dxc5 25. fxe6 Qb6 26. exf7+ Kxf7 27. bxc5 Rxc5 28. hxg6+ hxg6 29. Qf2+ Kg7 30. Rf1 Rc2 31. Re1 Rf8 32. Qe3 Rd8 33. Rd3 Rxe2 34. Rxe2 Rxd3 35. Qxb6 axb6 36. Rb2 Ra3 37. Rxb5 Rxa2 38. Rxb6 Re2 39. Rb4 Kf6 40. h3 Kg5 41. Kf1 Ra2 42. Rb6 e5 43. Re6 Ra5 44. Kg2 Rb5 45. Kg3 Rb3+ 46. Kg2 Kf4 47. Rxg6 Rb2+ 48. Kg1 Kxe4 49. h4 Kf5 50. h5 Rb4 51. Kg2 Rh4 52. Rh6 Kg4 53. Rh8 Kf4 54. h6 e4 55. h7 Ke3 56. Kg3 Rh1 57. Kg4 Ke2 58. Re8 Rxh7 59. Rxe4+ Kd3 60. Rf4 1/2-1/2

[Event "Sousse Go Makkah op"]
[Site "Sousse"]
[Date "2019.09.03"]
[Round "2"]
[White "Bouzidi, Ahmed"]
[Black "Alkrnaf, Mohamed Othman"]
[Result "1-0"]
[WhiteElo "2197"]
[BlackElo "1915"]
[PlyCount "111"]
[EventDate "2019.09.02"]
[EventType "swiss"]
[EventRounds "9"]
[EventCountry "TUN"]
[SourceTitle "EXT 2020"]
[Source "ChessBase"]
[SourceDate "2019.10.17"]
[SourceVersion "1"]
[SourceVersionDate "2019.10.17"]
[SourceQuality "1"]

1. e4 e5 2. Nf3 Nc6 3. Bb5 a6 4. Bxc6 dxc6 5. 0-0 Bg4 6. h3 Bxf3 7. Qxf3 Bc5 8. d3 Qf6 9. Qg3 h6 10. Be3 Bxe3 11. Qxe3 g5 12. Nd2 Ne7 13. Nf3 Ng6 14. Rad1 0-0 15. d4 Rad8 16. c3 Rfe8 17. Rfe1 Qe6 18. b3 Kg7 19. dxe5 Rxd1 20. Rxd1 Nxe5 21. Nd4 Qf6 22. Nf5+ Kh7 23. g3 g4 24. hxg4 Nxg4 25. Qf4 Ne5 26. Kg2 Qg5 27. Rh1 Qxf4 28. gxf4 Nd3 29. Rxh6+ Kg8 30. Kf3 Ne1+ 31. Ke2 Ng2 32. Rh2 Nxf4+ 33. Kf3 Ne6 34. Ke3 Nc5 35. f3 Rd8 36. Nd4 Re8 37. Rh5 Nd7 38. c4 Nf6 39. Rg5+ Kf8 40. Rf5 Kg7 41. Ne2 Rh8 42. e5 Nd7 43. Rg5+ Kf8 44. f4 Rh2 45. Rg3 Ke7 46. Rg8 Rh3+ 47. Kf2 Rh2+ 48. Kf3 Nf8 49. f5 Nd7 50. f6+ Ke6 51. Re8+ Kf5 52. Ng3+ Kg6 53. Rg8+ Kh7 54. Rg7+ Kh8 55. e6 Nxf6 56. Rxf7 1-0

[Event "Africa-ch"]
[Site "Hammamet"]
[Date "2019.07.12"]
[Round "4"]
[White "Bouzidi, Ahmed"]
[Black "Oussedik, Mahfoud"]
[Result "0-1"]
[WhiteElo "2191"]
[BlackElo "2440"]
[PlyCount "100"]
[EventDate "2019.07.09"]
[EventType "swiss"]
[EventRounds "9"]
[EventCountry "TUN"]
[SourceTitle "CBM 191 Extra"]
[Source "ChessBase"]
[SourceDate "2019.09.30"]
[SourceVersion "1"]
[SourceVersionDate "2019.09.30"]
[SourceQuality "1"]

1. e4 e5 2. Nf3 Nc6 3. Bb5 a6 4. Bxc6 dxc6 5. 0-0 f6 6. d4 exd4 7. Nxd4 c5 8. Ne2 Qxd1 9. Rxd1 Bd7 10. Nbc3 0-0-0 11. Be3 b6 12. Rd2 Be6 13. Nf4 Bf7 14. Nfd5 Ne7 15. Rad1 Nxd5 16. Nxd5 Kb7 17. f3 Bd6 18. Kf2 Be5 19. b3 c6 20. Nf4 Rxd2+ 21. Rxd2 Kc8 22. h4 c4 23. g4 a5 24. Ne2 Kc7 25. f4 Bb2 26. Bd4 Bxd4+ 27. Nxd4 a4 28. bxc4 Bxc4 29. a3 b5 30. c3 c5 31. Nf5 Bb3 32. g5 fxg5 33. hxg5 g6 34. Ne3 h6 35. Nd5+ Kb7 36. gxh6 Rxh6 37. Kg2 Rh7 38. Nf6 Rf7 39. e5 b4 40. cxb4 cxb4 41. axb4 a3 42. Nd7 Kc6 43. Rd6+ Kb5 44. Rb6+ Kc4 45. e6 Re7 46. Ne5+ Kc3 47. Ra6 a2 48. b5 Rxe6 49. Nc6 Kb2 50. Kf2 Bd5 0-1

[Event "Africa-ch"]
[Site "Hammamet"]
[Date "2019.07.09"]
[Round "1"]
[White "Rakotomaharo, Fy Antenaina"]
[Black "Bouzidi, Ahmed"]
[Result "1-0"]
[WhiteElo "2419"]
[BlackElo "2191"]
[PlyCount "59"]
[EventDate "2019.07.09"]
[EventType "swiss"]
[EventRounds "9"]
[EventCountry "TUN"]
[SourceTitle "CBM 191 Extra"]
[Source "ChessBase"]
[SourceDate "2019.09.30"]
[SourceVersion "1"]
[SourceVersionDate "2019.09.30"]
[SourceQuality "1"]

1. d4 Nf6 2. c4 e6 3. Nc3 d5 4. Nf3 c6 5. e3 Nbd7 6. Qc2 Bd6 7. b3 Qe7 8. Be2 b6 9. 0-0 Bb7 10. Bb2 0-0 11. Rfe1 Rfe8 12. Rad1 Rac8 13. e4 dxe4 14. Nxe4 Bb4 15. Nc3 Ba3 16. Bxa3 Qxa3 17. Ne5 Red8 18. Bf3 Qe7 19. h4 Nxe5 20. dxe5 Ne8 21. Qe4 Rc7 22. Rxd8 Qxd8 23. Rd1 Rd7 24. b4 Rxd1+ 25. Nxd1 Qc7 26. b5 f6 27. exf6 gxf6 28. bxc6 Bc8 29. Nc3 f5 30. Qe3 1-0

[Event "Sharjah Masters 3rd"]
[Site "Sharjah"]
[Date "2019.03.30"]
[Round "9"]
[White "Bouzidi, Ahmed"]
[Black "Buksa, Nataliya"]
[Result "0-1"]
[WhiteElo "2199"]
[BlackElo "2416"]
[PlyCount "98"]
[EventDate "2019.03.22"]
[EventType "swiss"]
[EventRounds "9"]
[EventCountry "UAE"]
[SourceTitle "CBM 189 Extra"]
[Source "ChessBase"]
[SourceDate "2019.06.03"]
[SourceVersion "1"]
[SourceVersionDate "2019.06.03"]
[SourceQuality "1"]

1. e4 e5 2. Nf3 Nc6 3. Bb5 g6 4. c3 a6 5. Bxc6 dxc6 6. d4 exd4 7. Qxd4 Qxd4 8. Nxd4 c5 9. Ne2 Bd7 10. Bg5 h6 11. Bh4 g5 12. Bg3 0-0-0 13. Nd2 Bg7 14. f3 Ne7 15. Bf2 b6 16. Ng3 h5 17. h4 g4 18. Rd1 Be6 19. f4 f5 20. e5 Bxa2 21. b3 a5 22. Ra1 Rxd2 23. Kxd2 Bxb3 24. Rhb1 Bc4 25. Be3 Kd7 26. Ra4 Bd5 27. Rg1 Bb3 28. Raa1 Ke6 29. Ke2 Ng6 30. Rh1 Bd5 31. Kf2 Bf8 32. Ne2 Be7 33. Kg3 Ra8 34. Rh2 a4 35. Kf2 Kd7 36. g3 Nf8 37. Nc1 Ne6 38. Nd3 Kc6 39. Bc1 b5 40. Nb2 Bb3 41. Ke1 c4 42. Be3 Nc5 43. Bd4 Ne4 44. Rg2 b4 45. cxb4 Bxb4+ 46. Ke2 Kd5 47. Bg1 a3 48. Nd1 Nc3+ 49. Nxc3+ Bxc3 0-1